Air-Supported Domed Stadiums - Statistics

General Stats
  • This quiz has been taken 14 times
  • The average score is 5 of 7
Answer Stats
Picture Hint Answer % Correct
New Orleans | 1975– Caesars Superdome
100%
Minneapolis | 1982–2014 Hubert H. Humphrey Metrodome
83%
Pontiac, Detroit | 1975–2018 Pontiac Silverdome
67%
St. Louis | 1995– The Dome at America's Center
67%
St. Petersburg | 1990– Tropicana Field
67%
Atlanta | 1992–2017 Georgia Dome
50%
Indianapolis | 1984–2008 RCA Dome
50%
No matching quizzes found
Score Distribution
Percent of People with Each Score
Percentile by Number Answered
Your Score History
You have not taken this quiz